[Event "GER M-446 D email"]
[Site "GER email"]
[Date "2008.08.08"]
[Round "?"]
[White "Rondio, Thomas"]
[Black "Staus, Hans Peter"]
[Result "0-1"]
[WhiteElo "1970"]
[BlackElo "2002"]
[PlyCount "132"]
[EventDate "2008.??.??"]
[EventType "tourn (corr)"]
[EventRounds "6"]
[EventCountry "GER"]
[SourceTitle "Corr 2011"]
[Source "ChessBase"]
[SourceDate "2010.08.31"]
[SourceVersion "1"]
[SourceVersionDate "2010.08.31"]
[SourceQuality "1"]

1. e4 c5 2. Nf3 d6 3. d4 cxd4 4. Nxd4 Nf6 5. Nc3 e6 6. g4 h6 7. g5 hxg5 8. Bxg5 Nc6 9. Qd2 Qb6 10. Nb3 a6 11. 0-0-0 Bd7 12. Bg2 Qc7 13. h4 Be7 14. f4 0-0-0 15. Kb1 Kb8 16. Rhg1 Ne8 17. Bxe7 Nxe7 18. Qf2 Nf6 19. Bf3 Ng6 20. Rg5 Nh7 21. Rg2 Nf6 22. e5 dxe5 23. fxe5 Nxe5 24. Rxg7 Ne8 25. Rgg1 Nxf3 26. Qxf3 f5 27. Qe3 Bc8 28. Rxd8 Qxd8 29. Rh1 Qf6 30. h5 f4 31. Qe2 Nd6 32. h6 Nf5 33. h7 Qg7 34. Qe4 e5 35. Ne2 Ka7 36. Nbc1 Ne3 37. Nd3 Bf5 38. Qxe5 Qxe5 39. Nxe5 Bxc2+ 40. Kc1 Be4 41. Rh3 Nd5 42. Kd2 Rxh7 43. Rxh7 Bxh7 44. Ke1 Kb6 45. Kf2 Be4 46. a3 Kc5 47. Nf7 Bd3 48. Ne5 Bxe2 49. Kxe2 Kd4 50. Nf3+ Ke4 51. Ng5+ Kf5 52. Nf7 b5 53. Kf3 Ne3 54. Nd6+ Ke5 55. Ne8 Nc2 56. Ke2 a5 57. Nc7 Nd4+ 58. Kd3 f3 59. Ke3 a4 60. Ne8 Kd5 61. Nf6+ Kc4 62. Ne4 Kb3 63. Kxd4 Kxb2 64. Nd2 b4 65. axb4 a3 66. Nc4+ Kc1 0-1

[Event "GER M-446 D email"]
[Site "GER email"]
[Date "2008.08.08"]
[Round "?"]
[White "Staus, Hans Peter"]
[Black "Rondio, Thomas"]
[Result "1/2-1/2"]
[WhiteElo "2002"]
[BlackElo "1970"]
[PlyCount "58"]
[EventDate "2008.??.??"]
[EventType "tourn (corr)"]
[EventRounds "6"]
[EventCountry "GER"]
[SourceTitle "Corr 2011"]
[Source "ChessBase"]
[SourceDate "2010.08.31"]
[SourceVersion "1"]
[SourceVersionDate "2010.08.31"]
[SourceQuality "1"]

1. d4 Nf6 2. c4 e6 3. Nc3 Bb4 4. Qc2 0-0 5. a3 Bxc3+ 6. Qxc3 d6 7. Bg5 Nbd7 8. e3 h6 9. Bh4 b6 10. Bd3 Bb7 11. f3 e5 12. Ne2 e4 13. fxe4 g5 14. Bf2 Nxe4 15. Bxe4 Bxe4 16. 0-0 f5 17. d5 a5 18. Ng3 Qe7 19. b3 Nc5 20. b4 Nd3 21. Rad1 axb4 22. axb4 Nxf2 23. Rxf2 Qg7 24. Nxe4 fxe4 25. Rxf8+ Rxf8 26. Qxg7+ Kxg7 27. Ra1 Rc8 28. b5 h5 29. Ra7 Kg6 1/2-1/2